Quizzes
Events
Quiz Creation
Community
Videos
Private Events
Remove Ads
Sign In
Join for FREE
Feedback
Dark Mode
Quiz Categories
Sports
Geography
Music
Movies
Television
Just For Fun
Miscellaneous
History
Literature
Language
Science
Gaming
Entertainment
Religion
Holiday
For Kids
Quiz Lab
Recent
Popular Today
Quiz Kudos Today
Editor Picks
Curator Picks
Quizzes by...
Day
Popularity
Type
Ratings
Length
Year
Community
Subscriptions
Recent Discussions
Orange Saloon
Badges
Playlists
Quests
Create
Leaderboards
Showdown
Live 5
Trivia Bingo
Activity
Puzzle Library
Sporcle Events
Private Events
Virtual Trivia
Globe League
Become a Host
Pub Owners
SporcleCon
Opinionation
Our Games
Videos
Blog
Mobile Apps
Partnerships
Remove Ads and Go Orange
Feedback
Music
Pop Music
The Beatles
Song
Album
Lyrics
Bands
Singers
Artist
Clip
Rock
Rap
Classical
Billboard
Country Music
Kpop
Taylor Swift
Music
Pop Music
The Beatles
Song
Album
Lyrics
Bands
Singers
Artist
Clip
Rock
Rap
Classical
Billboard
Country Music
Kpop
Taylor Swift
Random Quiz
Search Sporcle
×
Quiz Lab
Quiz Lab
Music
Song
Type in answers that appear in a list
Type in answers that appear in a list
Classic
Best Score? Go Orange.
Finish The lyrics To The song Firework Stats
Can you name the Finish The lyrics?
By
Danny13
10m
30 Questions
193 Plays
193 Plays
193 Plays
Comments
Comments
Give Quiz Kudos
Give Quiz Kudos
-
- Ratings
hide this ad
Forced Order
Answers have to be entered in order
Answers have to be entered in order
Replay
Link that replays current quiz
Next Quiz
Link to next quiz in quiz playlist
You Got
0%
They Got
Avg Score
32%
Avg Friend Score
Upgrade to see
Score Distribution
Jump to the score distribution portion of the page
Score
0/30
Timer
10:00
0
Plays Today
Lyrics Given
Lyrics To be filled in
% Correct
Do you ever feel
Like a plastic bag
96.9%
Drifting Through the wind
Wanting to start again
88.1%
Do you ever feel
feel so paper thin
63.2%
Like a house of cards
One blow from caving in
58.5%
Do you know that there's
still a chance for you
55.4%
And let it shine
just own the night
54.9%
Do you ever feel
Already Buried deep
54.4%
Like the fourth of july
Cause baby you're a firework
50.8%
six feet under scream
But no one seems to hear a thing
49.7%
Cause there's a spark in you
You just gotta ignite the light
46.1%
as you shoot across the sky-
y-
y
baby you're a firework
43.5%
come on show 'em what your worth
Make 'em go oh oh oh
43%
come on let your colors burst
make 'em go oh oh oh
39.9%
just own the night
like the fourth of july
23.3%
boom boom boom
even brighter than the moon moon moon
21.2%
Lyrics Given
Lyrics To be filled in
% Correct
make 'em go oh oh oh
as you shoot across the sky-y-y
19.2%
cause baby you're a firework
come on show 'em what your worth
18.1%
and when it's time you'll know
you just gotta ignite the light and let it shine
17.6%
baby you're a firework
come on let your colors burst
16.6%
all the doors are closed
so you can open one that leads you to the perfect road
13.5%
boom boom boom
even brighter than the moon moon moon
13.5%
like a lightning bolt
your heart will blow
13%
cause baby you're a firework
come on show 'em what your worth
13%
make 'em go oh oh oh
as you shoot across the sky-y-y
11.4%
boom boom boom
even brighter than the moon moon moon
11.4%
its always been inside of you you you
and now its time to let it through
10.4%
baby you're a firework
come on let your colors burst
9.8%
your gonna leave 'em falling down-
own-
own
Maybe your reason why
9.3%
make 'em go oh oh oh
your gonna leave 'em falling down-own-own
8.3%
make 'em go oh oh oh
your gonna leave 'em falling down-own-own
7.8%
Quiz Playlist
Details
Report
Send in Message
Add To Playlist
Classic:
Type in answers that appear in a list
Forced Order:
Answers have to be entered in order
Last Updated: Feb 16, 2017
Quiz Scoreboard
CHALLENGE
Sign Up to Join the Scoreboard
Show All
Scores
Hide
Comments
May contain spoilers
Recently Published
Click the 1999 NBA Draft
by nibperrychub
Sports
2m
Alphabetical 'K' Countries by Flag Minefield
by ylime102
Geography
3m
Pick 6: Fruits
by JohnFran
Miscellaneous
15s
More to Explore
Quiz From the Vault
Featured Blog Post
15 Basketball Trivia Facts You Can Be March Mad About
hide this ad
You Might Also Like...
Tags
Song Quiz
Filled
finish
Firework
Today's Top Quizzes in Music
Browse Music
hide this ad
Today's Top Quizzes in Song
Browse Song
Top Contributed Quizzes in Music
1
Taylor Swift All Songs (2024)
2
KPOP LOGIC QUIZ
3
A Taylor Swift Logic Puzzle
4
Guess the Taylor Swift song (Mystery Song)
5
K-Pop Murder Mystery Logic Quiz
6
Taylor Swift Logic Puzzle
7
Guess The Taylor Swift Lyrics Song #1
8
kpop group name match up
9
NCT 2020 Logic Puzzle
10
K-Pop : 100 Debut Songs (Part 1 of 3)
Explore More
Trending Topics
Disney
Crossword
Harry Potter
Anime
Marvel
NBA
Kpop
Country
NFL
Song
Pokémon
Puzzle
The Office
WWE
Soccer
hide this ad
More By:
Danny13
Quiz
Plays
Rating
Category
Featured
Created
15 Phineas and Ferb songs
1,255
1.42
Television
May 15, 2010
Names of Sonny with a chance characters
623
3.00
Television
May 15, 2010
Glee Characters by first names
592
2.25
Television
Dec 11, 2010
Name the states by their capital
542
3.50
Geography
Dec 12, 2010
Translating French
530
1.45
Language
Dec 12, 2010
Go to Creator's Profile
Score Distribution
Quiz Creator Spotlight
Danny13
Follow
Send a Message
Quizzes Created
-
Created Quiz Play Count
-
More By This Creator
Popular Quizzes Today
1
Countries of Asia Without Outlines Minefield
2
Find the US States - No Outlines Minefield
3
Pick 6: Fruits
4
Alphabetical 'K' Countries by Flag Minefield
5
The Countries of the World
6
Find the US States
7
US States
8
Match the Book to the Film X
More Music Quizzes
Finish the Famous My Chemical Romance Lyric
Quiz Lab
Trending Quizzes
Pick 6: Mountains
Pick 6: Harry Potter
Pick 6: NFL Teams
Pick 6: Movie Franchises
Pick 6: Golfers
Recently Updated
NWSL Teams
pecheneg
Women's Final Four Teams by Year
bhenderson79
Presidents Quartet II
eogle
Anything But Clue(do)
eogle
Anything But Oceanian Capitals
eogle
Anything But 7
eogle
Anything But Thing
eogle
Word Ladder: February 29
pecheneg
Song Title Questions
pecheneg
Women's NCAA Tournament #1 Seeds
pecheneg
Trending Topics
Anime
Crossword
Disney
Harry Potter
Kpop
Marvel
NBA
Puzzle
NFL
The Office
Soccer
Pokémon
Country
Song
WWE
Your Account Isn't Verified!
In order to create a playlist on Sporcle, you need to verify the email address you used during registration. Go to your
Sporcle Settings
to finish the process.
Report this User
Report this user for behavior that violates our
Community Guidelines
.
Details:
Send Report
Go to the Sporcle.com Mobile Site →
Comments